000 01030nam0a22002771 4500
001 rc\4429373
005 20250612081556.0
021 _aRU
_b[58-13862]
035 _a(NLR Aleph) 008574628
090 _a8546972
_c8546972
100 _a20130416d1958 |||y0rusy50 ca
101 0 _arus
102 _aRU
105 _ay z |||||
200 1 _aЭкскурсии и практические работы учащихся VII класса по животноводству
_fУпр. школ М-ва просвещения Казах. ССР
210 _aАлма-Ата
_cБ. и.
_d1958
215 _a47 с.
_d21
320 _aБиблиогр.: с. 44-46 (40 назв.)
606 _aСельскохозяйственные экскурсии, школьные
_2psbo
606 _aЖивотноводство
_jПрактические работы учащихся
_2psbo
700 1 _aИбраев
_bШ.Г.
801 0 _aRU
_bNLR
_gpsbo
801 1 _aRU
_bELAR
_2rusmarc
852 _aNLR
_j58-4/4708
942 _cBOOK
980 _aNB